000 00518nam a2200181Ia 4500
005 20250508153343.0
008 008 250505s9999 xx 000 0 eng d
037 _aTextual
040 _aFEDL
_beng
_cFEDL
041 _aeng
_2eng
084 _a378.73, MOR
_qFEDL
100 _aMorton John R
_9761236
245 0 _aUniversity extension in the United States
260 _aAlabama
_bUniversity of Alabama Press
_c1953
300 _ax,144p
942 _cTEXL
_h378.73, MOR
999 _c1342222
_d1342222